G72-泉南高速公路途径行政区 - Statistics

General Stats
  • This quiz has been taken 13 times
  • The average score is 10 of 11
Answer Stats
Answer % Correct
泉州
100%
三明
100%
赣州
100%
吉安
100%
株洲
83%
衡阳
83%
永州
83%
桂林
83%
柳州
75%
南宁
75%
来宾
67%
No matching quizzes found
Score Distribution
Percent of People with Each Score
Percentile by Number Answered
Your Score History
You have not taken this quiz